|
|
|
|
| LEADER |
01254nam a2200289 a 4500 |
| 001 |
GR-Patra13770 |
| 008 |
860108s1986 gr b g b 000 b eng d |
| 020 |
|
|
|a 9027722056
|
| 044 |
|
|
|b ne
|
| 050 |
|
|
|a TJ820
|b .S45 1986
|
| 082 |
|
0 |
|a 333.792
|2 21
|
| 245 |
0 |
0 |
|a Wind energy :
|b potential of wind energy in the European community.An assesment study /
|c H. Selzer.
|
| 260 |
|
|
|a Dordrecht :
|b D. Reidel Pub. Co. for the Commission of the European Communities,
|c c1986
|
| 300 |
|
|
|a vii, 148 σ. :
|b εικ.
|
| 490 |
1 |
|
|a Solar energy R & D in the European Community. Series G, Wind energy ;
|v v. 2
|
| 504 |
|
|
|a Bibliography: p. 146-148.
|
| 650 |
|
0 |
|a ENERGY
|
| 650 |
1 |
0 |
|a WIND ENERGY
|
| 650 |
1 |
0 |
|a Wind power
|z European Economic Community countries
|
| 700 |
1 |
|
|a Selzer, H.
|
| 710 |
0 |
|
|a Reidel publishing company
|
| 710 |
2 |
|
|a Commission of the European Communities
|
| 830 |
|
0 |
|1 00113772
|1 2001
|a Solar energy R & D in the European Community
|h Series G.
|p Wind energy ;
|v v. 2
|
| 942 |
|
|
|2 ddc
|
| 952 |
|
|
|0 0
|1 0
|2 ddc
|4 0
|6 333_792000000000000_SEL
|7 0
|9 292806
|a LISK
|b LISK
|c BSC
|d 2021-01-17
|e 24
|f 0
|g 0.00
|l 0
|o 333.792 SEL
|p 92410015134
|r 2021-01-17 00:00:00
|t 1
|w 2021-01-17
|y BK15
|x 20001018 0 1
|x GrPaTEI
|
| 971 |
|
|
|a .b26612859
|b 15-04-20
|c 23-09-16
|
| 999 |
|
|
|c 171137
|d 171137
|